000 00603nam a2200193Ia 4500
003 IN-BaIIA
008 211028s9999 xx 000 0 eng d
020 _a81-85150-19-2
040 _cIIA Library
080 _a5(091)
_bKUM
111 _aKumar, Deepak., ed.
_917483
245 0 _aScience and empire
_bessays in Indian context (1700-1947)
_cedited by Deepak Kumar
260 _aNew Delhi
_bAnamika Prakashan
_c1991
300 _axvi, 205p.
650 _aNASA Thesaurus
650 _aScience-historical
_97074
700 _aKumar, Deepak, ed.
_917484
942 _cBK
999 _c10274
_d10274